[Event "BCF-chT3 0102 (4NCL)"]
[Site "Birmingham"]
[Date "2001.11.25"]
[Round "4.5"]
[White "Walden Jones, Andrew"]
[Black "Curtis, John E"]
[Result "0-1"]
[WhiteElo "2103"]
[BlackElo "2056"]
[PlyCount "98"]
[EventDate "2001.09.??"]
[EventType "team"]
[EventRounds "11"]
[EventCountry "ENG"]
[SourceTitle "EXT 2003"]
[Source "ChessBase"]
[SourceDate "2002.11.25"]
[SourceVersion "1"]
[SourceVersionDate "2002.11.25"]
[SourceQuality "1"]
[WhiteTeam "SW Dragons II"]
[BlackTeam "Bristol II"]
[WhiteTeamCountry "ENG"]
[BlackTeamCountry "ENG"]

1. e4 e5 2. Nf3 d6 3. d4 Nf6 4. Bd3 Nbd7 5. c3 Be7 6. 0-0 0-0 7. Nbd2 c6 8. Nc4 exd4 9. cxd4 d5 10. exd5 Nxd5 11. Re1 N7f6 12. Nfe5 Be6 13. Be3 Qc8 14. Qe2 Bf5 15. Bxf5 Qxf5 16. g4 Qe6 17. f4 Nxe3 18. Nxe3 Nd5 19. Qf2 Bb4 20. Re2 Nxe3 21. Qxe3 Rfe8 22. Kf2 f6 23. Nd3 Qd7 24. Qf3 Rxe2+ 25. Qxe2 Re8 26. Qc2 Qxd4+ 27. Kf1 Bd6 28. Qb3+ Qd5 29. Qxd5+ cxd5 30. Kf2 d4 31. Rd1 Re4 32. Kf3 Re3+ 33. Kf2 g5 34. fxg5 fxg5 35. Ne1 Re4 36. h3 Bc5 37. Rd3 Kf7 38. Ng2 Ke6 39. Kf3 Kd5 40. Rb3 b6 41. h4 h6 42. hxg5 hxg5 43. Rd3 Re8 44. b3 Rf8+ 45. Ke2 Ke4 46. Rg3 d3+ 47. Kd2 Rf2+ 48. Kd1 Rf1+ 49. Ne1 Bb4 0-1

[Event "BCF-chT3c 0001 (4NCL) Promotion pool"]
[Site "Birmingham"]
[Date "2001.03.18"]
[Round "8.4"]
[White "Trevelyan, John"]
[Black "Walden Jones, Andrew"]
[Result "1-0"]
[WhiteElo "2145"]
[BlackElo "2138"]
[PlyCount "47"]
[EventDate "2000.11.26"]
[EventType "team-tourn"]
[EventRounds "4"]
[EventCountry "ENG"]
[SourceTitle "EXT 2002"]
[Source "ChessBase"]
[SourceDate "2001.11.25"]
[SourceVersion "1"]
[SourceVersionDate "2001.11.25"]
[SourceQuality "1"]
[WhiteTeam "Nidum Knights"]
[BlackTeam "Gwent Dragons"]
[WhiteTeamCountry "ENG"]
[BlackTeamCountry "ENG"]

1. e4 b6 2. c4 Bb7 3. Nc3 e5 4. Nf3 Nc6 5. Be2 Nd4 6. Nxe5 Qg5 7. Ng4 h5 8. d3 Qg6 9. Ne3 Bd6 10. 0-0 h4 11. f4 Nh6 12. Bh5 Qe6 13. Ned5 0-0-0 14. Be3 Nc6 15. Bf3 f5 16. Nb5 g6 17. e5 Nxe5 18. fxe5 Bxe5 19. Nf4 Qf7 20. Nxa7+ Kb8 21. Nb5 g5 22. Bxb7 gxf4 23. Bd5 Qe7 24. Qa4 1-0

[Event "BCF-chT3a 0001 (4NCL)"]
[Site "Birmingham"]
[Date "2001.01.28"]
[Round "6.4"]
[White "Walden Jones, Andrew"]
[Black "Hansen, Hans Peter"]
[Result "0-1"]
[WhiteElo "2112"]
[BlackElo "2138"]
[PlyCount "44"]
[EventDate "2000.11.26"]
[EventType "team-tourn"]
[EventRounds "7"]
[EventCountry "ENG"]
[SourceTitle "EXT 2002"]
[Source "ChessBase"]
[SourceDate "2001.11.25"]
[SourceVersion "1"]
[SourceVersionDate "2001.11.25"]
[SourceQuality "1"]
[WhiteTeam "Gwent Dragons"]
[BlackTeam "Poisoned Pawns II"]
[WhiteTeamCountry "ENG"]
[BlackTeamCountry "ENG"]

1. e4 c5 2. Nf3 d6 3. d4 cxd4 4. Nxd4 Nf6 5. Nc3 a6 6. Be2 e5 7. Nb3 Be7 8. Qd3 0-0 9. Be3 Be6 10. f4 exf4 11. Bxf4 Nc6 12. Rd1 Ne5 13. Qd4 Rc8 14. Bxe5 dxe5 15. Qxe5 Qb6 16. Qd4 Qc7 17. Bd3 Bd6 18. h3 Bxb3 19. cxb3 Bc5 20. Qa4 Qg3+ 21. Kd2 Rfd8 22. Kc2 Rxd3 0-1

[Event "Glorney Cup"]
[Site "Dublin"]
[Date "2000.07.25"]
[Round "3"]
[White "Walden Jones, Andrew"]
[Black "Broomfield, Matthew"]
[Result "1-0"]
[WhiteElo "2300"]
[BlackElo "2192"]
[PlyCount "23"]
[EventDate "2000.07.24"]
[EventType "team"]
[EventRounds "5"]
[EventCountry "IRL"]
[SourceTitle "EXT 2001"]
[Source "ChessBase"]
[SourceDate "2000.11.22"]
[SourceVersion "1"]
[SourceVersionDate "2000.11.22"]
[SourceQuality "1"]

1. e4 Nf6 2. Nc3 d5 3. exd5 Nxd5 4. Bc4 Nb6 5. Bb3 Nc6 6. Nf3 Na5 7. d4 Nxb3 8. axb3 Bg4 9. h3 Bh5 10. Be3 e6 11. Qe2 Bd6 12. Qb5+ 1-0

[Event "BCF-chT2 9900 (4NCL)"]
[Site "Birmingham"]
[Date "2000.04.30"]
[Round "10.3"]
[White "Bigg, Andrew J"]
[Black "Walden Jones, Andrew"]
[Result "0-1"]
[WhiteElo "2163"]
[BlackElo "2135"]
[PlyCount "56"]
[EventDate "1999.10.??"]
[EventType "team"]
[EventRounds "11"]
[EventCountry "ENG"]
[SourceTitle "EXT 2001"]
[Source "ChessBase"]
[SourceDate "2000.11.22"]
[SourceVersion "1"]
[SourceVersionDate "2000.11.22"]
[SourceQuality "1"]
[WhiteTeam "South County Stars"]
[BlackTeam "Gwent Dragons"]
[WhiteTeamCountry "ENG"]
[BlackTeamCountry "ENG"]

1. d4 Nf6 2. c4 e6 3. Nc3 d5 4. Bg5 Be7 5. e3 Nbd7 6. Nf3 0-0 7. Rc1 dxc4 8. Bxc4 a6 9. a4 Ne8 10. h4 h6 11. Bxe7 Qxe7 12. d5 Nb6 13. Ba2 Nf6 14. dxe6 Bxe6 15. Bxe6 Qxe6 16. Nd4 Qe5 17. Rh3 Rad8 18. f4 Qe7 19. Qe2 Qb4 20. Kf2 h5 21. Kg1 Rfe8 22. Qc2 c6 23. b3 Ng4 24. Nce2 Nxe3 25. Qc5 Qxc5 26. Rxc5 Rd5 27. Rxd5 Nbxd5 28. Kf2 c5 0-1

[Event "BCF-chT2 9900 (4NCL)"]
[Site "Birmingham"]
[Date "2000.04.29"]
[Round "9.3"]
[White "Walden Jones, Andrew"]
[Black "Johnston, Dafydd"]
[Result "1/2-1/2"]
[WhiteElo "2135"]
[BlackElo "2170"]
[PlyCount "42"]
[EventDate "1999.10.??"]
[EventType "team"]
[EventRounds "11"]
[EventCountry "ENG"]
[SourceTitle "EXT 2001"]
[Source "ChessBase"]
[SourceDate "2000.11.22"]
[SourceVersion "1"]
[SourceVersionDate "2000.11.22"]
[SourceQuality "1"]
[WhiteTeam "Gwent Dragons"]
[BlackTeam "Nidum Knights"]
[WhiteTeamCountry "ENG"]
[BlackTeamCountry "ENG"]

1. e4 c5 2. Nf3 e6 3. d4 cxd4 4. Nxd4 Nf6 5. Nc3 d6 6. Be2 a6 7. 0-0 Be7 8. f4 Nc6 9. Nxc6 bxc6 10. Bf3 0-0 11. Qe2 e5 12. fxe5 dxe5 13. h3 Be6 14. Nd1 a5 15. Ne3 Bc5 16. Kh2 Rb8 17. Nc4 Ng4+ 18. Kg3 Nf6 19. Kh2 Ng4+ 20. Kg3 Nf6 21. Kh2 Ng4+ 1/2-1/2

[Event "BCF-chT2 9900 (4NCL)"]
[Site "Birmingham"]
[Date "1999.10.10"]
[Round "2.4"]
[White "Walden Jones, Andrew"]
[Black "Taylor, Martin R"]
[Result "1-0"]
[WhiteElo "2159"]
[BlackElo "2143"]
[PlyCount "95"]
[EventDate "1999.10.??"]
[EventType "team"]
[EventRounds "11"]
[EventCountry "ENG"]
[SourceTitle "EXT 2001"]
[Source "ChessBase"]
[SourceDate "2000.11.22"]
[SourceVersion "1"]
[SourceVersionDate "2000.11.22"]
[SourceQuality "1"]
[WhiteTeam "Gwent Dragons"]
[BlackTeam "Perceptron Youth"]
[WhiteTeamCountry "ENG"]
[BlackTeamCountry "ENG"]

1. e4 e5 2. Nf3 Nc6 3. Bb5 a6 4. Ba4 Nf6 5. Qe2 Be7 6. 0-0 b5 7. Bb3 d6 8. c3 0-0 9. h3 Na5 10. Bc2 c5 11. Rd1 Qc7 12. d3 Re8 13. Nbd2 Bb7 14. Nf1 g6 15. N3h2 d5 16. g4 c4 17. f3 cxd3 18. Bxd3 Bc5+ 19. Kg2 Nc4 20. Ng3 Bf8 21. g5 Nd7 22. exd5 Bxd5 23. Be4 Bxe4 24. Nxe4 Bg7 25. Ng4 Re6 26. Qd3 Ncb6 27. Be3 Kh8 28. Bxb6 Nxb6 29. Ngf6 h5 30. Qe2 Nc4 31. Rd7 Qb6 32. Rxf7 Rd8 33. b3 Nd6 34. Rd7 Bxf6 35. Nxf6 Rxd7 36. Nxd7 Qc7 37. Nf8 Re8 38. Nxg6+ Kg7 39. Nh4 Qxc3 40. Rd1 Nf7 41. g6 Ng5 42. Rd7+ Kh6 43. g7 Ne6 44. Qe4 Nf4+ 45. Kg3 Qc8 46. Qf5 Qc6 47. Rf7 Ne2+ 48. Kh2 1-0

[Event "Glorney Cup U20"]
[Site "Bruges"]
[Date "1999.07.29"]
[Round "4"]
[White "Jossien, Remy"]
[Black "Walden Jones, Andrew"]
[Result "1-0"]
[WhiteElo "2197"]
[BlackElo "2159"]
[PlyCount "61"]
[EventDate "1999.07.26"]
[EventType "team"]
[EventRounds "5"]
[EventCountry "BEL"]
[SourceTitle "EXT 2000"]
[Source "ChessBase"]
[SourceDate "1999.11.16"]
[SourceVersion "1"]
[SourceVersionDate "1999.11.16"]
[SourceQuality "1"]

1. e4 c6 2. d4 d5 3. exd5 cxd5 4. Bd3 Nf6 5. c3 e6 6. Nf3 Bd6 7. 0-0 0-0 8. Bg5 h6 9. Bh4 b6 10. Re1 Bb7 11. Nbd2 g5 12. Bg3 Bxg3 13. hxg3 Nfd7 14. Nh2 Kg7 15. Ndf3 Rh8 16. Ng4 Nf8 17. Re3 h5 18. Ngh2 Rh6 19. Qc2 f6 20. Rae1 Nbd7 21. b3 Rc8 22. Qb2 Qc7 23. c4 Qd6 24. Nf1 Qc7 25. N1d2 Nb8 26. Rc1 Kg8 27. Bb1 Nc6 28. c5 bxc5 29. dxc5 Qd7 30. b4 Ng6 31. Qxf6 1-0

[Event "Glorney Cup U20"]
[Site "Bruges"]
[Date "1999.07.26"]
[Round "1"]
[White "Walden Jones, Andrew"]
[Black "Mach, Petr"]
[Result "0-1"]
[WhiteElo "2159"]
[BlackElo "2190"]
[PlyCount "100"]
[EventDate "1999.07.26"]
[EventType "team"]
[EventRounds "5"]
[EventCountry "BEL"]
[SourceTitle "EXT 2000"]
[Source "ChessBase"]
[SourceDate "1999.11.16"]
[SourceVersion "1"]
[SourceVersionDate "1999.11.16"]
[SourceQuality "1"]

1. e4 c5 2. Nf3 Nc6 3. Bb5 d6 4. Bxc6+ bxc6 5. 0-0 e5 6. d3 Bg4 7. b3 g6 8. h3 Bxf3 9. Qxf3 Bg7 10. Bb2 Ne7 11. Qe2 g5 12. Nd2 0-0 13. Qh5 h6 14. Nc4 f5 15. h4 f4 16. hxg5 hxg5 17. Qxg5 f3 18. Ne3 Rf6 19. Qh5 Qf8 20. Bc1 Rg6 21. Ng4 Kf7 22. gxf3 Qc8 23. Bg5 Qe6 24. Bxe7 Qxe7 25. Qf5+ Bf6 26. Rfe1 Kg7 27. Kf1 Bg5 28. Ne3 Bxe3 29. Rxe3 Rg5 30. Qh3 Rh8 31. Qxh8+ Kxh8 32. Ke2 Qh7 33. Rf1 Qh2 34. Kd2 Rg1 35. Ree1 Rxf1 36. Rxf1 Qg2 37. Ke2 Kg7 38. c3 Kf6 39. Rd1 d5 40. exd5 cxd5 41. b4 cxb4 42. cxb4 Kf5 43. d4 e4 44. fxe4+ Qxe4+ 45. Kf1 Qc2 46. Ke1 Qxa2 47. b5 Qa5+ 48. Ke2 Qxb5+ 49. Ke3 a5 50. f4 Qb3+ 0-1

[Event "BCF-chT2 9798 (4NCL)"]
[Site "England"]
[Date "1998.05.23"]
[Round "9.7"]
[White "Sellars, Martyn"]
[Black "Walden Jones, Andrew"]
[Result "0-1"]
[WhiteElo "1920"]
[BlackElo "1830"]
[PlyCount "72"]
[EventDate "1997.11.??"]
[EventType "team"]
[EventRounds "11"]
[EventCountry "ENG"]
[SourceTitle "EXT 1999"]
[Source "ChessBase"]
[SourceDate "1998.11.16"]
[SourceVersion "1"]
[SourceVersionDate "1998.11.16"]
[SourceQuality "1"]
[WhiteTeam "Bristol II"]
[BlackTeam "Gwent Dragons"]
[WhiteTeamCountry "ENG"]
[BlackTeamCountry "ENG"]

1. Nf3 Nf6 2. g3 g6 3. Bg2 Bg7 4. d3 d5 5. 0-0 0-0 6. Nbd2 Nc6 7. h3 e5 8. e4 Re8 9. Nh4 Rb8 10. exd5 Nxd5 11. Ne4 h6 12. Nc3 Nxc3 13. bxc3 g5 14. Nf3 f5 15. Nd2 e4 16. d4 b5 17. a3 a5 18. Nb3 Be6 19. Nc5 Bc4 20. Re1 b4 21. axb4 axb4 22. Rb1 bxc3 23. Rxb8 Nxb8 24. Be3 Nc6 25. Nb3 Bxb3 26. cxb3 Nxd4 27. Bxd4 Bxd4 28. Qh5 Kg7 29. g4 e3 30. f4 fxg4 31. f5 Rh8 32. Qg6+ Kf8 33. hxg4 Qf6 34. Qh5 e2+ 35. Kh1 c2 36. Bf3 Bc3 0-1

[Event "BCF-chT2 9798 (4NCL)"]
[Site "England"]
[Date "1998.03.22"]
[Round "8.7"]
[White "Walden Jones, Andrew"]
[Black "Brameld, Arthur F"]
[Result "0-1"]
[WhiteElo "1830"]
[BlackElo "2072"]
[PlyCount "121"]
[EventDate "1997.11.??"]
[EventType "team"]
[EventRounds "11"]
[EventCountry "ENG"]
[SourceTitle "EXT 1999"]
[Source "ChessBase"]
[SourceDate "1998.11.16"]
[SourceVersion "1"]
[SourceVersionDate "1998.11.16"]
[SourceQuality "1"]
[WhiteTeam "Gwent Dragons"]
[BlackTeam "Wessex"]
[WhiteTeamCountry "ENG"]
[BlackTeamCountry "ENG"]

1. e4 Nf6 2. Nc3 d5 3. exd5 Nxd5 4. Bc4 e6 5. Nge2 Nb6 6. Bb3 c5 7. d3 Bd7 8. Bf4 Bc6 9. 0-0 Bd6 10. Bxd6 Qxd6 11. Ng3 N8d7 12. a4 Nf6 13. a5 Nbd5 14. Nce4 Qe7 15. c3 Rd8 16. Bxd5 Rxd5 17. Qc2 h5 18. Ne2 h4 19. f3 Qd8 20. Rfd1 Nxe4 21. dxe4 Rxd1+ 22. Qxd1 Ke7 23. Qc1 f6 24. Nf4 Kf7 25. Qe3 Qd6 26. Nd3 Rh5 27. f4 c4 28. Nb4 Qc5 29. Kf2 Bxe4 30. Qxc5 Rxc5 31. a6 b6 32. Rd1 Ke7 33. Rd4 Bc6 34. g3 hxg3+ 35. hxg3 g6 36. Ke3 Ba8 37. g4 Rc8 38. Rd2 Rh8 39. Kd4 Rd8+ 40. Ke3 Rxd2 41. Kxd2 Kd6 42. Ke3 e5 43. fxe5+ Kxe5 44. Nc2 Bc6 45. Nd4 Bd7 46. Nf3+ Kd5 47. Nd4 Bxg4 48. Nb5 Bc8 49. Nc7+ Kc6 50. Ne8 f5 51. Kf4 Bxa6 52. Kg5 Bc8 53. Nf6 Kb5 54. Kxg6 Ka4 55. Nd5 Kb3 56. Kg5 Kxb2 57. Kf4 Bb7 58. Nc7 Bc6 59. Kxf5 Kxc3 60. Ke5 Kb2 61. Kd6 0-1

[Event "WLS-ch"]
[Site "Cardiff"]
[Date "1998.??.??"]
[Round "4"]
[White "Walden Jones, Andrew"]
[Black "Bennion, David"]
[Result "0-1"]
[WhiteElo "2300"]
[BlackElo "2010"]
[PlyCount "70"]
[EventDate "1998.??.??"]
[EventType "swiss"]
[EventRounds "6"]
[EventCountry "WLS"]
[SourceTitle "EXT 2000"]
[Source "ChessBase"]
[SourceDate "1999.11.16"]
[SourceVersion "1"]
[SourceVersionDate "1999.11.16"]
[SourceQuality "1"]

1. e4 e6 2. Qe2 Nc6 3. Nf3 Nf6 4. d4 d5 5. e5 Ne4 6. Nbd2 Nxd2 7. Bxd2 Bd7 8. a3 Be7 9. g3 g5 10. Qd3 g4 11. Ng1 f6 12. f4 Nxd4 13. Qxd4 c5 14. Qd3 c4 15. Qd4 a5 16. Be3 fxe5 17. fxe5 Qc7 18. Ne2 0-0 19. Qxg4+ Kh8 20. Bg2 Bc5 21. Bxc5 Qxc5 22. Qd4 Qc7 23. g4 Ba4 24. Kd2 Qg7 25. h4 Qg6 26. Rac1 Rac8 27. Nc3 b5 28. Rhf1 Rg8 29. Bf3 b4 30. axb4 Bxc2 31. bxa5 Bd3 32. Rg1 Rb8 33. Na4 Rb4 34. Nb6 Rf8 35. Bd1 Rxb2+ 0-1

[Event "WLS-ch"]
[Site "Cardiff"]
[Date "1998.??.??"]
[Round "2"]
[White "Walden Jones, Andrew"]
[Black "Richmond, Peter A"]
[Result "1/2-1/2"]
[WhiteElo "2300"]
[BlackElo "2200"]
[PlyCount "50"]
[EventDate "1998.??.??"]
[EventType "swiss"]
[EventRounds "6"]
[EventCountry "WLS"]
[SourceTitle "EXT 2000"]
[Source "ChessBase"]
[SourceDate "1999.11.16"]
[SourceVersion "1"]
[SourceVersionDate "1999.11.16"]
[SourceQuality "1"]

1. e4 c5 2. Nf3 Nc6 3. Bb5 e6 4. Bxc6 dxc6 5. Nc3 Qc7 6. e5 Ne7 7. d3 Bd7 8. a3 Ng6 9. Qe2 f6 10. exf6 gxf6 11. Ne4 Be7 12. Qe3 e5 13. Qe2 0-0-0 14. Bd2 Rhg8 15. 0-0-0 Nf8 16. Rhg1 Ne6 17. g4 Nd4 18. Nxd4 cxd4 19. g5 fxg5 20. Bxg5 Bxg5+ 21. Nxg5 Bf5 22. Rg3 Rde8 23. Ne4 Bxe4 24. Qxe4 Qf7 25. Kb1 Rgf8 1/2-1/2

[Event "Wch U12"]
[Site "St Lorenzo"]
[Date "1995.??.??"]
[Round "2"]
[White "Guerra Bastida, Diego"]
[Black "Walden Jones, Andrew"]
[Result "1-0"]
[WhiteElo "2310"]
[BlackElo "2300"]
[PlyCount "63"]
[EventDate "1995.10.17"]
[EventType "swiss"]
[EventRounds "11"]
[EventCountry "BRA"]
[SourceTitle "Juniors"]
[Source "ChessBase"]
[SourceDate "1999.07.01"]
[SourceVersion "1"]
[SourceVersionDate "1999.07.01"]
[SourceQuality "1"]

1. e4 e6 2. d4 d5 3. exd5 exd5 4. Bd3 Nf6 5. Bf4 c5 6. dxc5 Bxc5 7. Nf3 Qb6 8. Qe2+ Be6 9. c3 a5 10. 0-0 0-0 11. Qc2 h6 12. Nbd2 Nh5 13. Bg3 f5 14. Ne5 Nd7 15. Nxd7 Bxd7 16. Be5 Rae8 17. Nf3 Qg6 18. Kh1 Nf6 19. h3 Qh5 20. Bh2 Bc8 21. a3 Ne4 22. Rae1 Kh8 23. Ne5 f4 24. Bxe4 Qxe5 25. Bf3 Qg5 26. Rxe8 Rxe8 27. Qa4 Qh4 28. Qxf4 Qxf2 29. Rxf2 Re1+ 30. Bg1 Bxf2 31. Qf8+ Kh7 32. Be4+ 1-0